000 00702cam a22002292 4500
001 0000024391
005 20151217145948.0
008 130911s xx 000 0 eng d
020 _a0672322897 :
040 _aKABU
_cKABU
100 1 _aNorton, Peter.
_@0000153923
245 1 0 _aPeter Norton's new inside the PC /
_cPeter Norton and Scott H. A. Clark.
250 _a1st ed.
260 _aIndianapolis :
_bSams,
_c2002.
300 _a625 p.
650 0 _aIBM microcomputers.
_@0000184446
650 0 _aIBM personal computers.
_@0000184447
700 1 _aClark, Scott H. A.
_@0000184448
852 1 _9p5270 KES
908 _a130911
950 _@1
999 _c4527
_d4527